000 00289nam a22001337a 4500
008 170727b xxu||||| |||| 00| 0 eng d
020 _a9780596515058
041 _aeng
080 _a004
100 _a31
101 _aSHK
245 _aCSS POCKET REFERENCE
_cMEYER,E.A
942 _2udc
_cBK
999 _c22036
_d22036